Statistics for Counties of Africa with a T in them.

Click here to take the quiz!

General Stats

  • This quiz has been taken 26 times
  • The average score is 17 of 22

Answer Stats

Answer% Correct
Tunisia
96%
Egypt
87%
Eritrea
87%
Mauritania
87%
South Africa
87%
South Sudan
87%
Togo
87%
Botswana
83%
Central African Republic
83%
Ethiopia
83%
Lesotho
83%
Tanzania
83%
Democratic republic of the Congo
78%
Ivory coast
78%
Mauritius
78%
Djibouti
74%
Equatorial Guinea
74%
Eswatini
74%
São Tomé and Príncipe
70%
Republic of the Congo
65%
The Gambia
39%
Western Sahara
17%

Score Distribution

Percentile by Number Answered

Percent of People with Each Score

Your Score History

You have not taken this quiz